| 000 | 01128cam a2200349 a 4500 | ||
|---|---|---|---|
| 001 | 6411 | ||
| 003 | FISKH | ||
| 005 | 20250429102728.0 | ||
| 008 | 981203s1999 nyua b 000 0 eng | ||
| 010 | _a 98053318 | ||
| 020 | _a0439081270 (pbk. : alk. paper) | ||
| 020 | _a9780439081276 | ||
| 040 |
_aDLC _cDLC _dDLC _beng |
||
| 050 | _aQC178 .C175 | ||
| 082 | _a531.14 | ||
| 100 | 1 |
_aCanizares, Susan, _d1960- |
|
| 245 | 1 | 0 |
_aGravity / _cSusan Canizares, Daniel Moreton. |
| 260 |
_aNew York : _bScholastic, _c1999. |
||
| 300 |
_a12 unnumbered pages : _bcolor illustrations ; _c18 x 21 cm |
||
| 440 | 0 | _aScience emergent readers | |
| 505 | _aC | ||
| 520 | _aSimple text and photographs present the effects of gravity in making things come down, from falling seeds to dripping wax. | ||
| 521 | 8 |
_a100
_bLexile estimate |
|
| 521 | 8 |
_aC
_bRaz-Plus |
|
| 650 | 0 |
_aGravitation _xJuvenile literature. |
|
| 650 | 0 |
_aGravity _xJuvenile literature. |
|
| 650 | 1 | _aGravity. | |
| 700 | 1 |
_aMoreton, Daniel. _eAuthor |
|
| 906 |
_a7 _bcbc _corignew _d1 _eocip _f19 _gy-gencatlg |
||
| 942 |
_2ddc _cBK _n0 |
||
| 999 |
_c6411 _d6411 |
||